000
00297nam a22001337a 4500
008
190204b xxu||||| |||| 00| 0 eng d
020
_a
9780323081047
041
_a
eng
080
_2
9th
_a
610.73
100
_a
2
101
_a
INF
245
_a
Drug Guide for Nurses
_c
Roth, L.S
942
_2
udc
_c
BK
999
_c
53928
_d
53928